000 00827nam a2200253Ia 4500
003 OSt
005 20220918171407.0
006 a|||||r|||| 00| 0
007 ta
008 220917b |||||||| |||| 00| 0 eng d
020 _a9781611460810 (hbk)
_c4765.72
024 _a285,424
037 _b43483, 10/03/2015, Segment Book Distributors
_cTextual
040 _aARTS
_cARTS
_beng
041 _2eng
_aeng
082 _aQ6.6, Q1
100 _aHoule Robert J
_936321
245 0 _aMaking African christianity
_b Africans re-imagining their faith in colonial Southern Africa
260 _aBethlehem
_bLehigh University Press
_c2011
300 _axlii,309p.
_ccm.
650 _aRELIGION
942 _hQ6.6, Q1
_cTEXL
_2CC
999 _c139378
_d139378